000170893 001__ 170893
000170893 005__ 20260429150232.0
000170893 037__ $$aTAZ-TFG-2025-1016
000170893 041__ $$aspa
000170893 1001_ $$aArenas Granados, Aleph
000170893 24200 $$aThe Difference Between Being a Good Leader and Believing It: Proposal of Development of a Questionnaire to Control Biases and Noise in the Leadership Practice Inventory
000170893 24500 $$aLa Diferencia entre Ser un Buen Líder y Creerlo: Propuesta de Elaboración de un Cuestionario para Controlar Sesgos y Ruido en el Leadership Practice Inventory
000170893 260__ $$aZaragoza$$bUniversidad de Zaragoza$$c2025
000170893 506__ $$aby-nc-sa$$bCreative Commons$$c3.0$$uhttp://creativecommons.org/licenses/by-nc-sa/3.0/
000170893 520__ $$aEste trabajo propone crear un nuevo cuestionario de liderazgo, basado en el Leadership Practices Inventory (LPI), pero centrado en conductas objetivas para reducir sesgos y ruido en la autoevaluación. A través de un estudio cuantitativo con líderes en activo, se evaluaría su fiabilidad, validez y estructura factorial, comparándolo con el LPI. El objetivo es desarrollar una herramienta más precisa y objetiva para medir el liderazgo.<br /><br />
000170893 521__ $$aGraduado en Psicología
000170893 540__ $$aDerechos regulados por licencia Creative Commons
000170893 691__ $$a0
000170893 692__ $$a
000170893 700__ $$aBarrasa Notario, Ángel$$edir.
000170893 7102_ $$aUniversidad de Zaragoza$$bPsicología y Sociología$$cPsicología Social
000170893 8560_ $$f855533@celes.unizar.es
000170893 8564_ $$s682271$$uhttps://zaguan.unizar.es/record/170893/files/TAZ-TFG-2025-1016.pdf$$yMemoria (spa)
000170893 909CO $$ooai:zaguan.unizar.es:170893$$pdriver$$ptrabajos-fin-grado
000170893 950__ $$a
000170893 951__ $$adeposita:2026-04-29
000170893 980__ $$aTAZ$$bTFG$$cFCSH
000170893 999__ $$a20250520192308.CREATION_DATE